000 05411nab a2200433 i 4500
003 BR-BrBNA
005 20241010123441.0
008 241010b2018 bl.|r|pooa||| 00| 0 por |
040 _aBR-BrBNA
_bpor
072 _aL01
_b5240
072 _aL02
100 _aPilecco, V.M.
100 _aCarvalho, S.
100 _aPellegrini, L.G.
100 _aMello, R.O.
100 _aPacheco, P.S.
100 _aPellegrin, A.C.R.S.
100 _aMoro, A.B.
100 _aLopes, J.F.
100 _aMello, V.L
245 _aCarcaça e componentes não carcaça de cordeiros terminados em confinamento com caroço de algodão na dieta
500 _aPublicação online; 14 ref.; 3 tables; Summaries (En, Pt)
520 _a RESUMO - O objetivo deste estudo foi avaliar as características de carcaça e dos componentes não carcaça de cordeiros terminados em confinamento, com diferentes proporções de caroço de algodão na dieta. Foram utilizados 45 cordeiros, machos, não castrados, da raça Ile de France. Os tratamentos foram constituídos por níveis de inclusão de caroço de algodão na matéria seca (MS) da dieta total (0%; 10%; 20%; 30% ou 40%), sendo a dieta composta por silagem de milho (Zea mays L.), grão de milho triturado (Zea mays L.), farelo de soja (Glycine max L.), caroço de algodão (Gossypium hirsutum L.), calcário calcítico e sal mineral, em proporção de volumoso:concentrado de 40:60. Os animais foram abatidos com peso de abate preestabelecido. O peso de carcaça quente e o peso de carcaça fria, bem como o índice de quebra ao resfriamento, o índice de compacidade, a conformação e o estado de engorduramento da carcaça, não foram influenciados (P>0,05) pelo nível de inclusão de caroço de algodão na dieta. As características de rendimento de carcaça quente e rendimento de carcaça fria diminuíram linearmente (P≤0,05) à medida que se incluiu caroço de algodão na dieta. Com relação à medida de espessura de gordura de cobertura, pode-se observar que houve comportamento quadrático crescente e, em relação à variável área de olho de lombo, o comportamento observado foi o linear decrescente. Quanto às proporções dos cortes comerciais da carcaça, o peso de perna diminuiu linearmente (P≤0,05) enquanto a porcentagem de perna foi influenciada de forma quadrática (P≤0,05) pela inclusão de caroço de algodão nas dietas. O trato gastrointestinal cheio e o conteúdo do trato gastrointestinal aumentam linearmente (P≤0,05) com o incremento do nível de inclusão de caroço de algodão na dieta. Algumas das características de carcaça e dos componentes não carcaça tiveram influência negativa da elevação do teor de fibra e de lipídios da dieta à medida que se incluiu caroço de algodão na dieta total. Palavras-chave: abate, carne ovina, cortes comerciais, rendimento
520 _a ABSTRACT - The objective of this study was to evaluate the carcass and non carcass components characteristics of lambs finished in feedlot with different proportions of cottonseed on the diet. Forty five lambs, non castrated males, from Ile de France race. The treatments were constituted by levels of inclusion of cottonseed on dry matter (DM) of the total diet (0%; 10%; 20%; 30% or 40%), being the diet composed by corn silage (Zea mays L.), ground corn grain (Zea mays L.), soybean meal (Glycine max L.), cottonseed (Gossypiumhirsutum L.), limestone and mineral salt in a roughage: concentrate proportion of 40:60. The animals were slaughtered with a pre- established slaughter weight. The hot and cold carcass weight, as well as the carcass chilling index, the compactness index, the conformation and the fattening state of the carcass were not influenced (P> 0.05) by the level of inclusion of cottonseed on the diet. The hot and cold carcass yield decreased linearly (P≤ 0.05) as the cottonseed was included on the diet. Regarding the subcutaneous fat thickness it is possible to observe that there was a crescent quadratic behavior and in relation to the rib eye area variable, the behavior observed was linear decrescent. Regarding the proportions of the commercial cuts of the carcass, the leg weight decreased linearly (P≤ 0.05) while the percentage of leg was quadratic influenced (P≤ 0.05) by the inclusion of cottonseed on the diets. The full gastrointestinal tract and the gastrointestinal tract content increased linearly (P≤ 0.05) with the increase on the level of inclusion of cottonseed on the diet. Some of the carcass and non carcass components characteristics had negative influence of level fiber content and dietary lipids as it included cottonseed in the total diet. Keywords: commercial cuts, sheep meat, slaughter, yield
650 _aCORDEIRO
650 _aCRIAÇÃO
650 _aCONFINAMENTO
650 _aDIETA
650 _aALGODÃO
650 _aSUBPRODUTO
650 _aABATE
650 _aCARNE
650 _aRENDIMENTO
650 _aVALOR NUTRITIVO
773 0 _01643
_9344976
_dBelo Horizonte-MG Universidade Federal de Minas Gerais - Escola de Veterinaria 1983
_o2024-5389
_tArquivo Brasileiro de Medicina Veterinária e Zootecnia (Brazil)
_x0102-0935
_gv. 70(6) p. 1935-1942; (2018)
_wBR2024002842
856 _uhttps://www.scielo.br/j/abmvz/a/G8WfND8xZJtXPj5f8BpnfjS/?format=pdf&lang=pt
942 _cANA
999 _c328034
_d328034